Vocabulario de teología bíblica
Պահպանված է:
| Հիմնական հեղինակ: | |
|---|---|
| Ձևաչափ: | Գիրք |
| Լեզու: | իսպաներեն |
| Հրապարակվել է: |
Barcelona
Herder
1980
|
| Խորագրեր: | |
| Ցուցիչներ: |
Ավելացրեք ցուցիչ
Չկան պիտակներ, Եղեք առաջինը, ով նշում է այս գրառումը!
|
MARC
| LEADER | 00000nam a2200000 a 4500 | ||
|---|---|---|---|
| 001 | UCZ3490 | ||
| 003 | CL-VaPUC | ||
| 008 | 951020e19800000SP |||||||||||||||||spa|d | ||
| 082 | 0 | 4 | |a 220.3 |b LEO |2 21 |
| 100 | |a Léon-Dufour, Xavier |e author |9 501622 | ||
| 245 | 1 | 0 | |a Vocabulario de teología bíblica |
| 300 | |a 974 p | ||
| 942 | |c BK | ||
| 945 | |d 19951020 00:00:00 |a aalvarez | ||
| 260 | |a Barcelona |b Herder |c 1980 | ||
| 650 | 0 | |a Biblia |9 257603 | |
| 650 | 0 | |a Diccionarios |9 256200 | |
| 650 | 0 | |a Español |9 255372 | |
| 583 | |a last modification |c 19951020 00:00:00 |k Rodrigo Vera | ||
| 999 | |c 239962 |d 239960 | ||
| 952 | |0 0 |1 0 |4 0 |6 220_300000000000000_LEO_1980 |7 0 |8 F |9 251528 |a BIBTEO |b BIBTEO |d 2019-11-18 |i 2020793 |l 2 |o 220.3 LEO 1980 |p 2020793 |r 2025-01-17 |s 2024-09-05 |w 2019-11-18 |y BK_F |k ICR | ||